| 000 | 00961nam a22002417a 4500 | ||
|---|---|---|---|
| 003 | OSt | ||
| 005 | 20251014154409.0 | ||
| 008 | 240130b ||||| |||| 00| 0 eng d | ||
| 040 | _c0 | ||
| 082 | _ac | ||
| 100 |
_aAwal, M. A. _eauthor. _950959 |
||
| 245 |
_aObserver based generalized active damping for voltage source converters with LCL filters / _cM. A. Awal, Leandro Della Flora, and Iqbal Husain. |
||
| 260 |
_aNew York ; _bThe Institute of Electrical and Electronics Engineers, Inc. , _cJanuary 2022. |
||
| 300 |
_aVolume 37, pages 125-136 : _billustration ; _c28 cm. |
||
| 500 | _aIEEE Transactions on Power Electronic, v. 37 n. 1, pages 125-136, January 2022. | ||
| 650 | 0 |
_aCurrent measurement. _965721 |
|
| 650 | 0 |
_aFrequency control. _965728 |
|
| 650 | 0 |
_aVoltage control. _965727 |
|
| 700 |
_aAwal, M. A. _eauthor. _950959 |
||
| 700 |
_aDella Flora, Leandro. _eauthor. _950960 |
||
| 700 |
_aHusain, Iqbal. _eauthor. _950961 |
||
| 942 |
_2ddc _cPER |
||
| 999 |
_c18814 _d18814 |
||